000 00615nam a2200217Ia 4500
008 160517s9999 xx 000 0 und d
050 _aTS 155
050 _b.Se511 2016
100 _aSevilla, Jose Ma. Luis P.
245 _aPOS inventory system for christian millenium high school /
245 _cJohn Ma. Luis P. Sevilla.
260 _aLas PiƱas, Philippines :
260 _bSISC,
260 _c2016.
300 _a83 pages :
300 _billustrations ;
300 _c28 cm.
500 _aIncludes bibliographical references and appendices.
521 _aInformation Technology
942 _cTH
999 _c293915
_d293915